000 00692nam a22002297a 4500
005 20160205052243.0
008 111201s2013 nyua 001 0 eng
020 _a9780077318512
020 _a007731851X
041 0 _aeng
080 _a330.101.542
100 1 _aFrank, Robert H.
245 1 0 _aPrinciples of microeconomics /
_cRobert H. Frank Ben S. Bernanke ; with special contribution by Louis D. Johnston.
250 _a5th ed.
260 _aNew York :
_bMcGraw-Hill/Irwin,
_c2013.
300 _a429 f. :
_bme il.;
_c28 cm.
505 _aIndex: f. 417 - 429
650 0 _aMikroekonomia
700 1 _aBernanke, Ben.
700 1 _aJohnston, Louis
_q(Louis Dorrance)
942 _2udc
_cBK
999 _c743
_d743